000 00433nam a22001697a 4500
003 MACL
005 20151223155314.0
008 151223b xxu||||| |||| 00| 0 eng d
040 _cMACL
041 _aEnglish
082 _a630/SIN
100 _aSingh Benu
_922518
245 _aA Modern Book On Forestry & Horticulture
260 _aDelhi
_bVista International Publishing
_c2010
650 _aAgriculture
_922519
942 _2ddc
_cBK
999 _c51729
_d51729